Gobierno de España - Estadísticas

Estadísticas generales
  • Esta prueba ha sido intentada 25 veces
  • La puntuación promedio es 9 de 23
Estadísticas de respuestas
Imagen Respuesta % Correcto
Pedro Sánchez Pérez-Castejón
100%
Yolanda Díaz Pérez
82%
Óscar Puente Santiago
77%
Fernando Grande-Marlaska Gómez
73%
María Jesús Montero Cuadrado
73%
Félix Bolaños García
64%
Margarita Robles Fernández
59%
Mónica García Gómez
50%
José Manuel Albares Bueno
36%
Ángel Víctor Torres Pérez
32%
Óscar López Águeda
32%
Pablo Bustinduy Amador
32%
Carlos Cuerpo Caballero
27%
Ernest Urtasun Domènech
27%
Elma Saiz Delgado
23%
Isabel Rodríguez García
23%
Sira Rego
23%
Luis Planas Puchades
18%
Ana Redondo García
14%
Diana Morant Ripoll
14%
Jordi Hereu Boher
9%
Milagros Tolón Jaime
9%
Sara Aagesen Muñoz
0%
No se encontraron pruebas coincidentes
Distribución de puntuación
Porcentaje de gente con cada puntuación
Porcentaje por número respondido
Historial de tus puntuaciones
No has intentado esta prueba.